000 00983ctm a22002411i 4500
003 SA-RiAUC
005 20260205125733.0
008 260204s2013 sj f bm 000 0 ara c
040 _aSA-JeALM
_bara
_cSA-RiAUC
_erda
082 0 4 _a256.2
_qSA-RiAUC
090 _a256.2
_bا ب ا
100 1 _aأبا الخيل، سليمان بن عبد الله بن حمود،
_eمؤلف.
245 1 0 _aحماية ضحايا الحروب في الفقه الإسلامي
_bدراسة مقارنة /
_cسليمان بن عبدالله بن حمود أبا الخيل
264 0 _aالرياض :
_b[الناشر غير محدد]،
_c2005
300 _a91 ورقة ؛
_c30 سم
336 _aنص
_btxt
_2rdacontent
_3كتاب
337 _aبدون وسيط
_2rdamedia
338 _aمجلد
_2rdacarrier
650 7 _aالحرب (فقه إسلامي)
_2aucsh
650 7 _aضحايا الحرب (فقه إسلامي)
_2aucsh
942 _2ddc
_cBOOK
_n0
949 _aSA-JeALM
_d260204
_n1
_uosman123
999 _c14264
_d14264